<?xml version="1.0" encoding="UTF-8"?>
<collection xmlns="http://www.loc.gov/MARC21/slim">
  <record>
    <leader>00000nam  2200000   4500</leader>
    <controlfield tag="001">INLIS000000000050887</controlfield>
    <controlfield tag="005">20180327111314</controlfield>
    <datafield tag="035" ind1="#" ind2="#">
      <subfield code="a">0010-0817000070</subfield>
    </datafield>
    <controlfield tag="007">ta</controlfield>
    <datafield tag="082" ind1="#" ind2="#">
      <subfield code="a">340.1Pod-p</subfield>
    </datafield>
    <datafield tag="100" ind1="#" ind2="#">
      <subfield code="a">Adam Podgorecki</subfield>
    </datafield>
    <datafield tag="245" ind1="1" ind2="#">
      <subfield code="a">Pendekatan sosiologis terhadap hukum</subfield>
    </datafield>
    <datafield tag="250" ind1="#" ind2="#">
      <subfield code="a">Cet. l</subfield>
    </datafield>
    <datafield tag="260" ind1="#" ind2="#">
      <subfield code="a">Jakarta :</subfield>
      <subfield code="b">Bina Aksara,</subfield>
      <subfield code="c">1987</subfield>
    </datafield>
    <datafield tag="300" ind1="#" ind2="#">
      <subfield code="a">416 Hlm ;</subfield>
      <subfield code="c">21 cm</subfield>
    </datafield>
    <controlfield tag="008">180327###########################0######</controlfield>
    <datafield tag="084" ind1="#" ind2="#">
      <subfield code="a">340.1Pod-p ADA p</subfield>
    </datafield>
    <datafield tag="990" ind1="#" ind2="#">
      <subfield code="a">65286528</subfield>
    </datafield>
    <datafield tag="990" ind1="#" ind2="#">
      <subfield code="a">67.019 pro.94-95</subfield>
    </datafield>
  </record>
</collection>
